000
00206nam a2200085Ia 4500
008
170620s9999 xx 000 0 und d
100
_a
Bare- Act
245
0
_a
Indian Partnership Act-1932
260
_b
Universal Law Pub.
260
_c
2015
999
_c
29787
_d
29787